000 00432pab a2200169 454500
008 180718b2012 xxu||||| |||| 00| 0 eng d
100 _aSwamy, Raju Narayana
245 _aQuality assurance in higher education through knowledge model
260 _c2012
300 _ap.39-41.
362 _a22 Oct
650 _aHigher education
650 _aEducational quality
773 _aUniversity News
908 _aN
909 _a97811
999 _c97810
_d97810